Yerel seçim el kitabı 2009 (Record no. 8198)

MARC details
000 -BAŞLIK
Sabit Uzunlukta Kontrol Alanı 01144na a2200349 4500
999 ## - SİSTEM KONTROL NUMARALARI (KOHA)
Koha Biblionumber 8198
Koha Biblioitemnumber 8198
001 - KONTROL NUMARASI
Denetim Alanı 21369
003 - KONTROL NUMARASI IDENTIFIER
Denetim Alanı MIRAKIL
005 - SON İŞLEM TARİHİ VE ZAMANI
Denetim Alanı 20210215131520.0
008 - SABİT-BOY VERİ ELEMANLARI - GENEL BİLGİLER
Sabit Uzunlukta Kontrol Alanı 170204b tu 000 0
035 ## - SİSTEM KONTROL NUMARASI
Sistem Kontrol Numarası 20231
040 ## - KATALOGLAMA KAYNAK
Orijinal Kataloglama Ajansı Milas
Kataloglama Dili tur
Metne Dönüştürmek Ajansı TR-AnCHP
041 ## - DİL KODU
Metin / Ses Parça Veya Ayrı Başlığın Dil Kodu tur
082 ## - DEWEY ONLU SINIFLANDIRMA NUMARASI
Sınıflandırma Numarası CHP 324.6
Ürün Numarası Y36 2009
090 ## - SINIFLAMA NUMARASI
Sınıflama Numarası BROŞÜR 300
245 ## - BAŞLIK TABLOSU
Başlık Yerel seçim el kitabı 2009
Sorumluluk Tablosu, Vb [derleyen] Cumhuriyet Halk Partisi
246 ## - UNVAN FORM VARYING
Başlık Doğru / Kısa Başlığı CHP 2009 seçim rehberi
260 ## - YAYIN, DAĞITIM, VB
Yayın, Dağıtım, Vb Yeri Ankara
Yayıncı, Dağıtıcı, Vs Adı CHP
Yayın, Dağıtım, Vb Tarihi 2009
300 ## - FİZİKSEL TANIM
Kapsam 176 s.
Boyutlar 20 sm.
440 ## - SERİSİ TABLOSU / KATMA GİRİŞİ - BAŞLIK
Başlık Cumhuriyet Halk Partisi yayınları
Bir İşin Parçası / Bölümün İsmi Kılavuzlar
500 ## - GENEL NOT
Genel Not Dış kapakta yapıt adı: Yerel seçim el kitabı '09
610 ## - KONU KATMA GİRİŞ - TOPLANTI ADI
Giriş Elemanı Olarak Kurumsal Ad Veya Yargı Alanı Adı Cumhuriyet Halk Partisi (CHP)
Genel Alt Bölüm Yerel seçimler, 2009
Kronolojik Alt Bölüm Kılavuzlar
650 ## - KONU KATMA GİRİŞ - TOPİKAL DÖNEM
Topikal Süreli Veya Coğrafi Ad Giriş Elemanı Seçimler
Kronolojik Alt Bölümü Hukuk ve mevzuat
Coğrafi Alt Bölümü Türkiye
710 ## - KATMA GİRİŞ - KURUMSAL ADI
Giriş Elemanı Olarak Kurumsal Ad Veya Yargı Alanı Adı Cumhuriyet Halk Partisi
740 ## - KATMA GİRİŞ - KONTROLSUZ İLGİLİ / ANALİTİK BAŞLIK
Kontrol Edilmeyen / İlgili Analitik Başlıktaki Yerel seçim el kitabı '09
740 ## - KATMA GİRİŞ - KONTROLSUZ İLGİLİ / ANALİTİK BAŞLIK
Kontrol Edilmeyen / İlgili Analitik Başlıktaki CHP 2009 seçim rehberi
830 ## - SERİSİ EKLENDİ GİRİŞ - ÜNİFORM ADI
Üniforma Başlık CHP kılavuzları
942 ## - EKLENDİ GİRİŞ ELEMANLARI (KOHA)
Koha Öğesi Türü Books
Sınıflandırma Veya Raf Düzeni Kaynak Dewey Decimal Classification
999 ## - SİSTEM KONTROL NUMARALARI (KOHA)
Koha Biblioitemnumber 8198
999 ## - SİSTEM KONTROL NUMARALARI (KOHA)
Koha Biblioitemnumber 8198
Holdings
Kullanım Kısıtlamaları Kalıcı Konum Mevcut Konum Edinme Tarihi Edinim Kaynak Kodlu Konum Eleme Toplam Check-Out'Lar Tam Çağrı Numarası Barkod Tarih Son Görülme Kopya Sayısı İtibaren Geçerli Fiyatlar Koha Öğesi Türü
Kütüphane dışına çıkarılamaz CHP Kütüphanesi CHP Kütüphanesi 02/04/2017 Bağış BROŞÜRLER   BROŞÜR 300 013386 02/04/2017 k.5 02/04/2017 Visual Material